[Event "EU-ch rapid"]
[Site "Minsk"]
[Date "2015.12.19"]
[Round "4"]
[White "Efanov, Nikolai Aleksandrov"]
[Black "Romanov, Evgeny"]
[Result "1-0"]
[WhiteElo "2399"]
[BlackElo "2590"]
[PlyCount "121"]
[EventDate "2015.12.19"]
[EventType "swiss (rapid)"]
[EventRounds "11"]
[EventCountry "BLR"]
[SourceTitle "EXT 2017"]
[Source "ChessBase"]
[SourceDate "2016.10.25"]
[SourceVersion "1"]
[SourceVersionDate "2016.10.25"]
[SourceQuality "1"]

1. e4 e5 2. Nf3 Nc6 3. Bb5 g6 4. 0-0 Bg7 5. c3 a6 6. Ba4 d6 7. d4 Bd7 8. Bg5 f6 9. Be3 Nh6 10. d5 Ne7 11. Bxd7+ Qxd7 12. c4 Nf7 13. c5 f5 14. Nc3 f4 15. cxd6 cxd6 16. Bb6 Nc8 17. Qb3 Nxb6 18. Qxb6 0-0 19. Nd2 Rfc8 20. Rac1 Bf6 21. Qb3 Bd8 22. a4 g5 23. f3 Qc7 24. Kh1 Qb6 25. Qa3 h5 26. Ne2 Rxc1 27. Rxc1 g4 28. b4 Qf2 29. Qd3 Bb6 30. Rf1 Qe3 31. Qxe3 Bxe3 32. Nc4 Rc8 33. Nxe3 fxe3 34. Re1 Ng5 35. Ng1 Rc3 36. h4 gxh3 37. Nxh3 Nxh3 38. gxh3 h4 39. Kg2 Kf7 40. f4 exf4 41. Kf3 e2+ 42. Kxf4 Rxh3 43. Rxe2 Rb3 44. a5 Kf6 45. Rh2 h3 46. Rh1 Kg6 47. Rg1+ Kf7 48. Rh1 Kf6 49. Rh2 Kg6 50. Rh1 Kh5 51. Kf5 Kh4 52. e5 dxe5 53. d6 e4 54. Rd1 Rf3+ 55. Kxe4 Rf8 56. Ke5 h2 57. d7 Kg3 58. Rh1 Kg2 59. Rxh2+ Kxh2 60. Kd6 Kg3 61. Ke7 1-0

[Event "EU-ch blitz"]
[Site "Minsk"]
[Date "2015.12.18"]
[Round "9.28"]
[White "Efanov, Nikolai Aleksandrov"]
[Black "Kovalenko, Igor"]
[Result "1/2-1/2"]
[WhiteElo "2399"]
[BlackElo "2680"]
[PlyCount "189"]
[EventDate "2015.12.18"]
[EventType "swiss (blitz)"]
[EventRounds "22"]
[EventCountry "BLR"]
[SourceTitle "EXT 2017"]
[Source "ChessBase"]
[SourceDate "2016.10.25"]
[SourceVersion "1"]
[SourceVersionDate "2016.10.25"]
[SourceQuality "1"]

1. e4 e5 2. Nf3 Nc6 3. Bb5 Nf6 4. 0-0 Nxe4 5. Re1 Nd6 6. Nxe5 Be7 7. Bf1 0-0 8. d4 Nf5 9. c3 Nxe5 10. Rxe5 d6 11. Re1 d5 12. Nd2 Bd6 13. Nf3 Nh4 14. Nxh4 Qxh4 15. g3 Qf6 16. Bg2 c6 17. Qf3 Bf5 18. Qh5 Bg6 19. Qg5 Rae8 20. Bd2 Qxg5 21. Bxg5 f6 22. Bd2 Bf5 23. Rxe8 Rxe8 24. Re1 Ra8 25. Bf1 Kf7 26. f3 h5 27. Kf2 a5 28. h4 a4 29. a3 b5 30. Be2 Rh8 31. Bf4 Be7 32. Rh1 Bc2 33. Ke3 Bb3 34. Kd2 Bc4 35. Bd1 c5 36. dxc5 Bxc5 37. Be3 Bd6 38. f4 g6 39. Bf3 Re8 40. Re1 Re7 41. Bd4 Rxe1 42. Kxe1 Ke6 43. Kf2 Kf5 44. Bd1 Bd3 45. Ke3 Be4 46. Be2 g5 47. fxg5 fxg5 48. Kf2 gxh4 49. gxh4 Bf4 50. Bxb5 Kg4 51. Bf6 Bc1 52. c4 dxc4 53. Bxc4 Kf5 54. Bc3 Bf4 55. Bb5 Bc2 56. Bd7+ Kg6 57. Kf3 Bd6 58. Be8+ Kh6 59. Bd2+ Kg7 60. Bxh5 Be7 61. Bc3+ Kh6 62. Bg4 Bxh4 63. Ke2 Be7 64. Kd2 Bb3 65. Bd7 Kg5 66. Be5 Kg6 67. Kc3 Kf7 68. Bb5 Bd1 69. Bc4+ Ke8 70. Bd4 Kd7 71. Bd3 Kc6 72. Kd2 Bb3 73. Be4+ Kb5 74. Kc3 Bh4 75. Bd3+ Ka5 76. Kd2 Bg5+ 77. Ke2 Bh6 78. Be4 Bc4+ 79. Kf3 Kb5 80. Bc3 Bg5 81. Bc2 Be7 82. Ke3 Bc5+ 83. Kd2 Be7 84. Bf5 Bg5+ 85. Kc2 Bb3+ 86. Kd3 Bc4+ 87. Ke4 Bb3 88. Bd7+ Kc5 89. Bb4+ Kc4 90. Be6+ Kb5 91. Bxb3 axb3 92. Bc3 Ka4 93. Kd3 Be7 94. Kc4 Bxa3 95. bxa3 1/2-1/2

[Event "EU-ch blitz"]
[Site "Minsk"]
[Date "2015.12.18"]
[Round "21.31"]
[White "Efanov, Nikolai Aleksandrov"]
[Black "Shtembuliak, Evgeny"]
[Result "0-1"]
[WhiteElo "2399"]
[BlackElo "2420"]
[PlyCount "64"]
[EventDate "2015.12.18"]
[EventType "swiss (blitz)"]
[EventRounds "22"]
[EventCountry "BLR"]
[SourceTitle "EXT 2017"]
[Source "ChessBase"]
[SourceDate "2016.10.25"]
[SourceVersion "1"]
[SourceVersionDate "2016.10.25"]
[SourceQuality "1"]

1. e4 e6 2. d4 d5 3. exd5 exd5 4. Bd3 Nc6 5. c3 Bd6 6. Qf3 Nge7 7. Bf4 Be6 8. Ne2 Qd7 9. Bxd6 Qxd6 10. Qg3 0-0-0 11. Qxd6 Rxd6 12. Ng3 Ng6 13. Bxg6 hxg6 14. Nd2 g5 15. 0-0-0 Ne7 16. Ngf1 Ng6 17. Ne3 Nf4 18. Nf3 f6 19. h3 Ra6 20. a3 Bf7 21. Ne1 Bg6 22. g3 Nxh3 23. Rd2 Re6 24. N1c2 Be4 25. Rf1 c6 26. f3 Bxc2 27. Nxc2 g4 28. fxg4 Ng5 29. Nb4 Rh3 30. Rg2 Re3 31. Rfg1 Ne4 32. Kd1 Nxg3 0-1

[Event "EU-ch blitz"]
[Site "Minsk"]
[Date "2015.12.18"]
[Round "10.28"]
[White "Kovalenko, Igor"]
[Black "Efanov, Nikolai Aleksandrov"]
[Result "1-0"]
[WhiteElo "2680"]
[BlackElo "2399"]
[PlyCount "87"]
[EventDate "2015.12.18"]
[EventType "swiss (blitz)"]
[EventRounds "22"]
[EventCountry "BLR"]
[SourceTitle "EXT 2017"]
[Source "ChessBase"]
[SourceDate "2016.10.25"]
[SourceVersion "1"]
[SourceVersionDate "2016.10.25"]
[SourceQuality "1"]

1. c4 e5 2. g3 Nf6 3. Bg2 c6 4. d4 e4 5. Nc3 d5 6. Bg5 Nbd7 7. cxd5 cxd5 8. f3 h6 9. Be3 Bb4 10. Qb3 Qe7 11. Kf2 Bxc3 12. Qxc3 0-0 13. Rc1 Nb6 14. b3 Bd7 15. Nh3 Rac8 16. Qd2 Bf5 17. Rhe1 Rxc1 18. Rxc1 Rc8 19. Rxc8+ Nxc8 20. Ng1 b6 21. h3 exf3 22. exf3 Qc7 23. Ne2 Ne7 24. Bf4 Qc6 25. g4 Bb1 26. Nc3 Bg6 27. Bf1 Nc8 28. Bb5 Qe6 29. Qe3 Kf8 30. Qxe6 fxe6 31. Ba6 Ne7 32. Bb7 Ne8 33. Bb8 a5 34. Na4 Bb1 35. a3 Bc2 36. Nxb6 Bxb3 37. Nd7+ Kg8 38. Nc5 Bc4 39. Nxe6 Kf7 40. Nd8+ Kg6 41. Ke3 a4 42. Nc6 Nxc6 43. Bxc6 Nf6 44. Bxa4 1-0

[Event "Samara-ch"]
[Site "Samara"]
[Date "2012.10.27"]
[Round "7"]
[White "Efanov, Nikolai Aleksandrov"]
[Black "Smetanov, Nikolay"]
[Result "1-0"]
[WhiteElo "2411"]
[BlackElo "2360"]
[PlyCount "63"]
[EventDate "2012.10.21"]
[EventType "tourn"]
[EventRounds "9"]
[EventCountry "RUS"]
[EventCategory "2"]
[SourceTitle "EXT 2014"]
[Source "ChessBase"]
[SourceDate "2013.11.20"]
[SourceVersion "1"]
[SourceVersionDate "2013.11.20"]
[SourceQuality "1"]

1. e4 e5 2. Nf3 Nc6 3. Bb5 Nf6 4. 0-0 Nxe4 5. Re1 Nd6 6. Nxe5 Be7 7. Bf1 Nxe5 8. Rxe5 0-0 9. d4 Bf6 10. Re1 Nf5 11. c3 d6 12. Nd2 Nh4 13. g3 Ng6 14. Qh5 d5 15. Bd3 Be6 16. f4 Bd7 17. Qxd5 Qc8 18. Ne4 Be7 19. Nf2 Re8 20. Be3 Bf8 21. Qh5 f5 22. Nh3 b5 23. Ng5 h6 24. Qxg6 hxg5 25. fxg5 Re6 26. Qxf5 g6 27. Qf3 Qe8 28. Bf2 Rd8 29. d5 Re5 30. Rxe5 Qxe5 31. Bxg6 Qxg5 32. Qh5 1-0

[Event "Samara-ch"]
[Site "Samara"]
[Date "2012.10.27"]
[Round "8"]
[White "Pogorelskikh, Sergey"]
[Black "Efanov, Nikolai Aleksandrov"]
[Result "0-1"]
[WhiteElo "2475"]
[BlackElo "2411"]
[PlyCount "98"]
[EventDate "2012.10.21"]
[EventType "tourn"]
[EventRounds "9"]
[EventCountry "RUS"]
[EventCategory "2"]
[SourceTitle "EXT 2014"]
[Source "ChessBase"]
[SourceDate "2013.11.20"]
[SourceVersion "1"]
[SourceVersionDate "2013.11.20"]
[SourceQuality "1"]

1. e4 c5 2. Nf3 d6 3. d3 Nc6 4. c3 Nf6 5. a3 g6 6. b4 c4 7. h3 Bg7 8. Nbd2 cxd3 9. Bxd3 Nh5 10. Bb2 Nf4 11. Bf1 0-0 12. g3 Ne6 13. Bg2 a5 14. 0-0 b5 15. Qb1 Qb6 16. Re1 Bd7 17. Nf1 Ne5 18. Nxe5 Bxe5 19. Ne3 Rfc8 20. Qd3 Bc6 21. f4 Bg7 22. Rab1 Nf8 23. Kh2 Nd7 24. c4 Bxb2 25. Rxb2 axb4 26. axb4 bxc4 27. Qxc4 Bb5 28. Qd5 Ra3 29. Qd2 Rd3 30. Qf2 e6 31. Ng4 Qxf2 32. Nxf2 Rd4 33. Ra1 Rb8 34. Ra7 h5 35. g4 hxg4 36. hxg4 g5 37. Nh3 gxf4 38. Nxf4 Ne5 39. g5 Bc6 40. g6 Nxg6 41. Nxg6 fxg6 42. Ra6 Bb5 43. Ra7 Bc6 44. Rc7 Be8 45. e5 dxe5 46. Rc5 Rdxb4 47. Rxb4 Rxb4 48. Rxe5 Kf7 49. Kg3 Kf6 0-1

[Event "Samara-ch"]
[Site "Samara"]
[Date "2012.10.26"]
[Round "6"]
[White "Elistratov, Ilia"]
[Black "Efanov, Nikolai Aleksandrov"]
[Result "1-0"]
[WhiteElo "2513"]
[BlackElo "2411"]
[PlyCount "115"]
[EventDate "2012.10.21"]
[EventType "tourn"]
[EventRounds "9"]
[EventCountry "RUS"]
[EventCategory "2"]
[SourceTitle "EXT 2014"]
[Source "ChessBase"]
[SourceDate "2013.11.20"]
[SourceVersion "1"]
[SourceVersionDate "2013.11.20"]
[SourceQuality "1"]

1. Nc3 c5 2. Nf3 Nf6 3. d4 cxd4 4. Nxd4 a6 5. e4 e5 6. Nb3 Bb4 7. Bd3 d5 8. exd5 Nxd5 9. Bd2 Nxc3 10. bxc3 Bd6 11. 0-0 0-0 12. f4 Nd7 13. Qf3 Qc7 14. Rae1 Nf6 15. c4 Bg4 16. Qg3 exf4 17. Bxf4 Bxf4 18. Qxf4 Qxf4 19. Rxf4 a5 20. Nc5 Bc8 21. Rd4 a4 22. Rb1 Re8 23. a3 h5 24. h3 g6 25. Kf2 Kg7 26. Rb5 Ra7 27. Rb4 Re5 28. Rxa4 Rxa4 29. Nxa4 Bd7 30. Nc3 Ra5 31. Nb5 Bc6 32. Rd8 Nd7 33. Bf1 Kf6 34. Ke3 Ke7 35. Rc8 Bxb5 36. cxb5 Rxa3+ 37. Kd4 Kd6 38. Be2 Ra2 39. Bf3 Ra7 40. c4 b6 41. Bd5 Ra3 42. Bxf7 Ne5 43. Bxg6 Rg3 44. Be4 Rg5 45. Rf8 Nd7 46. Rf5 Rg3 47. Rxh5 Nc5 48. Bf3 Ne6+ 49. Ke3 Rg6 50. Rd5+ Kc7 51. h4 Nc5 52. h5 Re6+ 53. Kf4 Rf6+ 54. Kg5 Rf8 55. Rxc5+ bxc5 56. h6 Kd6 57. h7 Ke7 58. Bd5 1-0

[Event "Samara-ch"]
[Site "Samara"]
[Date "2012.10.25"]
[Round "5"]
[White "Mokshanov, Alexey"]
[Black "Efanov, Nikolai Aleksandrov"]
[Result "1/2-1/2"]
[WhiteElo "2272"]
[BlackElo "2411"]
[PlyCount "22"]
[EventDate "2012.10.21"]
[EventType "tourn"]
[EventRounds "9"]
[EventCountry "RUS"]
[EventCategory "2"]
[SourceTitle "EXT 2014"]
[Source "ChessBase"]
[SourceDate "2013.11.20"]
[SourceVersion "1"]
[SourceVersionDate "2013.11.20"]
[SourceQuality "1"]

1. d4 d5 2. c4 c6 3. Nf3 Nf6 4. e3 e6 5. Bd3 Nbd7 6. 0-0 Bd6 7. b3 e5 8. dxe5 Nxe5 9. Bb2 Nxd3 10. Qxd3 dxc4 11. Qxc4 0-0 1/2-1/2

[Event "Samara-ch"]
[Site "Samara"]
[Date "2012.10.23"]
[Round "3"]
[White "Alavkin, Arseny Nailievich"]
[Black "Efanov, Nikolai Aleksandrov"]
[Result "1/2-1/2"]
[WhiteElo "2423"]
[BlackElo "2411"]
[PlyCount "24"]
[EventDate "2012.10.21"]
[EventType "tourn"]
[EventRounds "9"]
[EventCountry "RUS"]
[EventCategory "2"]
[SourceTitle "EXT 2014"]
[Source "ChessBase"]
[SourceDate "2013.11.20"]
[SourceVersion "1"]
[SourceVersionDate "2013.11.20"]
[SourceQuality "1"]

1. d4 d5 2. c4 c6 3. cxd5 cxd5 4. Nc3 Nf6 5. Bf4 Nc6 6. e3 a6 7. Nf3 Bg4 8. Be2 e6 9. 0-0 Bd6 10. Bxd6 Qxd6 11. Nd2 Bxe2 12. Qxe2 0-0 1/2-1/2

[Event "Samara-ch"]
[Site "Samara"]
[Date "2012.10.22"]
[Round "2"]
[White "Efanov, Nikolai Aleksandrov"]
[Black "Palachev, Petr"]
[Result "0-1"]
[WhiteElo "2411"]
[BlackElo "2425"]
[PlyCount "68"]
[EventDate "2012.10.21"]
[EventType "tourn"]
[EventRounds "9"]
[EventCountry "RUS"]
[EventCategory "2"]
[SourceTitle "EXT 2014"]
[Source "ChessBase"]
[SourceDate "2013.11.20"]
[SourceVersion "1"]
[SourceVersionDate "2013.11.20"]
[SourceQuality "1"]

1. e4 c6 2. d4 d5 3. Nc3 dxe4 4. Nxe4 Bf5 5. Ng3 Bg6 6. Nh3 Nf6 7. Bc4 e6 8. Nf4 Bd6 9. c3 Nbd7 10. Qf3 Qc7 11. Bb3 0-0-0 12. h4 e5 13. Nxg6 fxg6 14. 0-0 exd4 15. cxd4 Rhf8 16. Ne4 Nxe4 17. Qxe4 Bh2+ 18. Kh1 Bf4 19. Qd3 Kb8 20. g3 Nc5 21. Qc4 Nxb3 22. axb3 Bxc1 23. Raxc1 Qb6 24. Rcd1 Rf3 25. b4 Rf5 26. Rd2 Rb5 27. Re1 Rxb4 28. Qf7 Rbxd4 29. Rxd4 Qxd4 30. Re7 Qxb2 31. Qf4+ Ka8 32. Qd6 Qb6 33. Rc7 Rb8 34. Rxg7 Qxf2 0-1

[Event "Samara-ch"]
[Site "Samara"]
[Date "2012.10.21"]
[Round "1"]
[White "Liberman, Evgeny"]
[Black "Efanov, Nikolai Aleksandrov"]
[Result "1/2-1/2"]
[WhiteElo "2376"]
[BlackElo "2411"]
[PlyCount "32"]
[EventDate "2012.10.21"]
[EventType "tourn"]
[EventRounds "9"]
[EventCountry "RUS"]
[EventCategory "2"]
[SourceTitle "EXT 2014"]
[Source "ChessBase"]
[SourceDate "2013.11.20"]
[SourceVersion "1"]
[SourceVersionDate "2013.11.20"]
[SourceQuality "1"]

1. d4 d5 2. c4 c6 3. Nf3 Nf6 4. Nc3 e6 5. Qd3 Nbd7 6. g3 b6 7. Bg2 Ba6 8. b3 Bd6 9. 0-0 0-0 10. Rd1 Qe7 11. e4 e5 12. Nh4 dxc4 13. bxc4 g6 14. dxe5 Bxe5 15. f4 Nc5 16. Qf3 Bxc3 1/2-1/2

[Event "Urals-ch"]
[Site "Satka"]
[Date "2012.03.30"]
[Round "7"]
[White "Efanov, Nikolai Aleksandrov"]
[Black "Lobov, Dmitry"]
[Result "1-0"]
[WhiteElo "2426"]
[BlackElo "2143"]
[PlyCount "69"]
[EventDate "2012.03.24"]
[EventType "swiss"]
[EventRounds "9"]
[EventCountry "RUS"]
[SourceTitle "CBM 147 Extra"]
[Source "ChessBase"]
[SourceDate "2012.04.24"]
[SourceVersion "1"]
[SourceVersionDate "2012.04.24"]
[SourceQuality "1"]

1. e4 c5 2. d3 Nc6 3. Be2 g6 4. f4 Bg7 5. Nf3 d6 6. 0-0 e6 7. c3 Nge7 8. Be3 0-0 9. d4 cxd4 10. cxd4 d5 11. e5 Qb6 12. Qd2 Bd7 13. Nc3 Na5 14. b3 Rfc8 15. g4 a6 16. Rac1 Qd8 17. Bd3 Rc6 18. Ne2 Rac8 19. Rxc6 Naxc6 20. Ng3 Qa5 21. Qf2 Nb4 22. Bb1 Bb5 23. Rd1 Bd7 24. Bd2 Qa3 25. f5 exf5 26. gxf5 Nxf5 27. Nxf5 Bxf5 28. Bxf5 gxf5 29. Ng5 Qxa2 30. Qxf5 Qc2 31. Qxf7+ Kh8 32. Rc1 Qxc1+ 33. Bxc1 Rxc1+ 34. Kf2 Rc8 35. Ne6 1-0

[Event "Urals-ch"]
[Site "Satka"]
[Date "2012.03.27"]
[Round "4"]
[White "Frolov, Ivan"]
[Black "Efanov, Nikolai Aleksandrov"]
[Result "1/2-1/2"]
[WhiteElo "2242"]
[BlackElo "2426"]
[PlyCount "110"]
[EventDate "2012.03.24"]
[EventType "swiss"]
[EventRounds "9"]
[EventCountry "RUS"]
[SourceTitle "CBM 147 Extra"]
[Source "ChessBase"]
[SourceDate "2012.04.24"]
[SourceVersion "1"]
[SourceVersionDate "2012.04.24"]
[SourceQuality "1"]

1. e4 c5 2. Nf3 d6 3. c3 Nf6 4. Bc4 Nc6 5. Qe2 Bg4 6. h3 Bh5 7. 0-0 e6 8. Rd1 Be7 9. d4 cxd4 10. cxd4 d5 11. exd5 Nxd5 12. Nc3 0-0 13. Bxd5 exd5 14. g4 Bg6 15. Ne5 Bb4 16. Nxg6 hxg6 17. Qf3 Bxc3 18. bxc3 Na5 19. Rb1 Qd7 20. Re1 Nc4 21. Bg5 f6 22. Bf4 g5 23. Be3 Rae8 24. Re2 Re4 25. Rbe1 Rfe8 26. Bc1 Rxe2 27. Rxe2 Rxe2 28. Qxe2 Kf7 29. f4 gxf4 30. Bxf4 g5 31. Bg3 Qe6 32. Kf2 Qxe2+ 33. Kxe2 f5 34. Bb8 a6 35. Bc7 Kg6 36. Kd3 Na3 37. Bd6 Nc4 38. Bc7 b5 39. Ke2 Kf7 40. Bd8 fxg4 41. hxg4 Nd6 42. Bxg5 Ne4 43. Bd2 Kg6 44. Be1 a5 45. Kf3 Kg5 46. c4 bxc4 47. Bxa5 c3 48. Bc7 Nd2+ 49. Ke3 Kxg4 50. Kd3 Kf5 51. Kxc3 Nf3 52. a4 Ke6 53. a5 Kd7 54. Be5 Kc6 55. Kb4 Kb7 1/2-1/2